[Event "Open Vysocina 2018"]
[Site "Trebic"]
[Date "2018.09.25"]
[Round "4"]
[White "Grabarczyk, Sylwester"]
[Black "Tesar, Jan"]
[Result "0-1"]
[WhiteElo "1782"]
[BlackElo "2033"]
[PlyCount "76"]
[EventDate "2018.09.22"]

1. e4 c5 2. Nc3 g6 3. f4 Bg7 4. Nf3 Nc6 5. Bc4 e6 6. O-O Nge7 7. d3 d5 8. Bb3
O-O 9. Qe1 Nd4 10. Nxd4 cxd4 11. Ne2 dxe4 12. dxe4 b6 13. f5 exf5 14. Qh4 Qd6
15. Bg5 Nc6 16. Ng3 Be6 17. exf5 Bxb3 18. Ne4 Qd7 19. Bf6 Bxc2 20. Bxg7 Bxe4
21. Bxf8 Bxf5 22. Bh6 d3 23. Kh1 Qd4 24. Qg5 f6 25. Qg3 Qe5 26. Qf3 Rc8 27.
Rae1 Qd6 28. g4 Nd4 29. Qb7 Bd7 30. Qxc8+ Bxc8 31. Re8+ Kf7 32. Rxc8 Ne2 33.
Rf8+ Ke7 34. R8xf6 Qd5+ 35. R1f3 Nd4 36. Rf7+ Kd6 37. R7f6+ Kc7 38. Rf7+ Kc6
0-1

[Event "Open Vysocina 2018"]
[Site "Trebic"]
[Date "2018.09.25"]
[Round "4"]
[White "Heppell, Ian N"]
[Black "Kalveus, Jan"]
[Result "1-0"]
[WhiteElo "2031"]
[BlackElo "1854"]
[PlyCount "63"]
[EventDate "2018.09.22"]

1. e4 {[%emt 0:00:00]} e6 2. d4 d5 3. Nc3 Bb4 4. Bd3 dxe4 5. Bxe4 Nf6 6. Bg5 h6
7. Bxf6 Qxf6 8. Nf3 c6 9. O-O Nd7 10. Re1 O-O 11. Qe2 Nb6 12. a3 Bxc3 13. bxc3
Nd5 14. c4 Nc3 15. Qd3 Nxe4 16. Qxe4 Bd7 17. Ne5 Rfd8 18. Rab1 Rab8 19. Rb3 b6
20. Rf3 Qe7 21. Rxf7 Qxf7 22. Nxf7 Kxf7 23. Re3 Kg8 24. Rg3 Rf8 25. Qe5 g5 26.
h4 Rbe8 27. hxg5 h5 28. Rh3 Re7 29. Rxh5 Rg7 30. g6 Rf5 31. Rxf5 exf5 32. Qb8+
1-0

[Event "Open Vysocina 2018"]
[Site "Trebic"]
[Date "2018.09.25"]
[Round "4"]
[White "Gokhale, Anupama"]
[Black "Oburka, Vladislav"]
[Result "1-0"]
[WhiteElo "1964"]
[BlackElo "1802"]
[PlyCount "83"]
[EventDate "2018.09.22"]

1. d4 Nf6 2. c4 e6 3. g3 Bb4+ 4. Nd2 d5 5. Ngf3 O-O 6. Bg2 dxc4 7. Qc2 Nbd7 8.
Qxc4 Be7 9. O-O Rb8 10. Qc2 c5 11. Nb3 b6 12. Bf4 Ra8 13. Ng5 h6 14. Bxa8 hxg5
15. Bxg5 Nd5 16. Bxe7 Qxe7 17. dxc5 bxc5 18. Bxd5 exd5 19. Rac1 c4 20. Nd4 Nb6
21. Qd2 Bh3 22. Rfe1 Qe4 23. f3 Qg6 24. b3 f5 25. e3 Qh6 26. Ne2 g5 27. bxc4
dxc4 28. a4 Qc6 29. a5 Nd7 30. Nd4 Qd5 31. e4 fxe4 32. fxe4 Qc5 33. e5 Rf5 34.
Rxc4 Qd5 35. Rc8+ Kh7 36. Rc7 Kg6 37. Rc6+ Kh7 38. Rd6 Qf7 39. Nxf5 Qxf5 40.
Rxd7+ Qxd7 41. Qxd7+ Bxd7 42. Rc1 1-0

[Event "Open Vysocina 2018"]
[Site "Trebic"]
[Date "2018.09.25"]
[Round "4"]
[White "Skurniak, Szymon"]
[Black "Svizensky, Lubos"]
[Result "1-0"]
[WhiteElo "1763"]
[BlackElo "1937"]
[PlyCount "57"]
[EventDate "2018.09.22"]

1. e4 c6 2. f3 d5 3. d4 e6 4. Nc3 Nf6 5. e5 Nfd7 6. f4 g6 7. Nf3 h5 8. Bd3 b6
9. Ng5 Qe7 10. O-O Ba6 11. Be3 Bxd3 12. Qxd3 a6 13. Rae1 Bh6 14. h4 Bxg5 15.
fxg5 O-O 16. Ne2 c5 17. c3 Nc6 18. g4 hxg4 19. h5 gxh5 20. Ng3 Ndxe5 21. dxe5
Nxe5 22. Qe2 Nf3+ 23. Rxf3 gxf3 24. Qxf3 f5 25. Nxh5 Rf7 26. g6 Rg7 27. Qg3 Kh8
28. Bh6 Rgg8 29. Qe5+ 1-0

[Event "Open Vysocina 2018"]
[Site "Trebic"]
[Date "2018.09.25"]
[Round "4"]
[White "Bar-Or, Ornan"]
[Black "Zacharias, Miroslav"]
[Result "1/2-1/2"]
[WhiteElo "1931"]
[BlackElo "1727"]
[PlyCount "80"]
[EventDate "2018.09.22"]

1. e4 c6 2. d4 d5 3. f3 e6 4. Nc3 Nf6 5. Be3 Qb6 6. Qd2 Be7 7. e5 Nfd7 8. Bd3
c5 9. Na4 Qc7 10. Nxc5 Nxc5 11. dxc5 Qxe5 12. O-O-O Qc7 13. Ne2 Bxc5 14. Bxc5
Qxc5 15. Qg5 O-O 16. Ng3 f5 17. Nh5 Rf7 18. Rhe1 Qe7 19. Qe3 Nc6 20. f4 Bd7 21.
a3 a6 22. h3 g6 23. Ng3 b5 24. c3 Rc8 25. Kb1 Na5 26. Ne2 Nc6 27. g4 e5 28.
fxe5 Qxe5 29. Qg1 Qd6 30. Bc2 fxg4 31. hxg4 Ne5 32. Bb3 Be6 33. Nd4 Bxg4 34.
Rxe5 Bxd1 35. Rxd5 Qf8 36. Qxd1 Kh8 37. Ka2 Rf1 38. Qd3 Re8 39. Nc2 Qf6 40. Rd6
Qe5 1/2-1/2

[Event "Open Vysocina 2018"]
[Site "Trebic"]
[Date "2018.09.25"]
[Round "4"]
[White "Zeleny, Tomas"]
[Black "Cieslak, Leszek"]
[Result "1-0"]
[WhiteElo "1833"]
[BlackElo "1845"]
[PlyCount "73"]
[EventDate "2018.09.22"]

1. Nf3 d5 2. d4 Nf6 3. c4 e6 4. e3 Be7 5. Bd3 O-O 6. O-O b6 7. Nc3 Bb7 8. b3 c5
9. Bb2 Nbd7 10. Qe2 Rc8 11. Rac1 cxd4 12. exd4 dxc4 13. bxc4 Qc7 14. Ne5 Nxe5
15. dxe5 Qc6 16. f3 Nd7 17. Nb5 Ra8 18. Be4 Qc8 19. Rfd1 Bxe4 20. fxe4 Nc5 21.
Nd6 Qc6 22. Rd4 Rad8 23. Qg4 Nb7 24. Rf1 Rd7 25. h4 Nc5 26. Rf3 f6 27. Rg3 g6
28. h5 g5 29. Nb5 fxe5 30. Rxd7 Nxd7 31. Ba3 Nc5 32. Nxa7 Qa4 33. Bxc5 Bxc5+
34. Kh2 Kf7 35. Qxg5 Qxc4 36. Qxe5 Bd4 37. Rg7+ 1-0

[Event "Open Vysocina 2018"]
[Site "Trebic"]
[Date "2018.09.25"]
[Round "4"]
[White "Svoboda, Frantisek"]
[Black "Lampir, Tomas"]
[Result "0-1"]
[WhiteElo "1760"]
[BlackElo "2052"]
[PlyCount "44"]
[EventDate "2018.09.22"]

1. e4 e5 2. Nc3 Nf6 3. g3 Bb4 4. Bg2 O-O 5. a3 Ba5 6. b4 Bb6 7. Bb2 d6 8. Na4
Nc6 9. Nxb6 axb6 10. d3 Bg4 11. Nf3 Qd7 12. h3 Bh5 13. Qd2 Rfd8 14. g4 Bg6 15.
O-O-O Ra4 16. Nh4 Rda8 17. c3 Qe6 18. Kc2 Na7 19. c4 Nc6 20. Ra1 b5 21. Kb3
bxc4+ 22. dxc4 Na5+ 0-1

[Event "Open Vysocina 2018"]
[Site "Trebic"]
[Date "2018.09.25"]
[Round "4"]
[White "Pacl, Vaclav"]
[Black "Hrivnakova, Anna"]
[Result "1-0"]
[WhiteElo "2033"]
[BlackElo "1538"]
[PlyCount "53"]
[EventDate "2018.09.22"]

1. d4 Nf6 2. Nf3 e6 3. e3 d5 4. Bd3 Nbd7 5. O-O c5 6. b3 b6 7. Bb2 Qc7 8. Nbd2
Bb7 9. Qe2 Bd6 10. Rfe1 O-O 11. c4 Rfe8 12. cxd5 exd5 13. Rac1 a6 14. Nf1 Qb8
15. Ng3 g6 16. Qc2 Ne4 17. dxc5 bxc5 18. Bxe4 dxe4 19. Qc3 Be5 20. Nxe5 Qxe5
21. Qc2 Qe7 22. Red1 Rac8 23. Rxd7 Qxd7 24. Qc3 f5 25. Qh8+ Kf7 26. Qxh7+ Ke6
27. Qxg6+ 1-0

[Event "Open Vysocina 2018"]
[Site "Trebic"]
[Date "2018.09.25"]
[Round "4"]
[White "Zeleny, Ondrej"]
[Black "Aird, Ian"]
[Result "0-1"]
[WhiteElo "1358"]
[BlackElo "1857"]
[PlyCount "68"]
[EventDate "2018.09.22"]

1. Nf3 d5 2. d4 Nf6 3. c4 e6 4. Nc3 Be7 5. Bg5 h6 6. Bh4 O-O 7. e3 b6 8. a3 Bb7
9. b4 c5 10. bxc5 bxc5 11. Qb3 Qb6 12. Qc2 Nbd7 13. Rb1 Qc7 14. Bg3 Qc8 15. Nb5
Ne8 16. Qb3 Bc6 17. a4 a6 18. Nc3 Nef6 19. cxd5 Nxd5 20. Ne4 N5b6 21. a5 c4 22.
Qc2 Bxe4 23. Qxe4 Nd5 24. Qc2 Bb4+ 25. Nd2 Bxa5 26. Qxc4 N7b6 27. Qxc8 Rfxc8
28. Be2 Rc2 29. Rd1 Nc3 30. Bd3 Rb2 31. Rc1 Nb1 32. Rxb1 Rxd2 33. Be4 Rxd4+ 34.
Ke2 Rxe4 0-1

[Event "Open Vysocina 2018"]
[Site "Trebic"]
[Date "2018.09.25"]
[Round "4"]
[White "Smietanska, Wiktoria"]
[Black "Stork, Rostislav"]
[Result "1/2-1/2"]
[WhiteElo "1315"]
[BlackElo "1779"]
[PlyCount "53"]
[EventDate "2018.09.22"]

1. e4 e5 2. Nf3 Nf6 3. Nxe5 d6 4. Nf3 Nxe4 5. Qe2 Qe7 6. d3 Nf6 7. Bg5 Qxe2+ 8.
Bxe2 Be7 9. c4 h6 10. Be3 O-O 11. h3 Nc6 12. Nc3 Be6 13. O-O d5 14. Nb5 Rfc8
15. Bf4 Ne8 16. Rac1 a6 17. Nc3 Rd8 18. Rfe1 Bd6 19. Bxd6 Rxd6 20. c5 Rd7 21.
d4 g5 22. Rcd1 Ng7 23. Bd3 f5 24. Ne5 Nxe5 25. Rxe5 Kf7 26. Rde1 f4 27. Kh2
1/2-1/2

[Event "Open Vysocina 2018"]
[Site "Trebic"]
[Date "2018.09.25"]
[Round "4"]
[White "Endler, Boris"]
[Black "Benda, Vladimir"]
[Result "1/2-1/2"]
[WhiteElo "1778"]
[BlackElo "1493"]
[PlyCount "53"]
[EventDate "2018.09.22"]

1. e4 e5 2. Nf3 Nc6 3. d4 exd4 4. Nxd4 Bb4+ 5. c3 Be7 6. Nb3 d6 7. c4 Nf6 8.
Nc3 O-O 9. Be2 Ne5 10. f4 Nc6 11. O-O h6 12. Bf3 Nh7 13. Be3 Kh8 14. Nd5 Bh4
15. g3 Bf6 16. Nxf6 Nxf6 17. Qc2 Re8 18. Bd2 Bh3 19. Rfe1 Bg4 20. Bxg4 Nxg4 21.
Bc3 Nf6 22. Re2 Re6 23. Rae1 Nd7 24. Nd2 f6 25. Nf3 Qe8 26. h3 Qh5 27. Kg2
1/2-1/2

[Event "Open Vysocina 2018"]
[Site "Trebic"]
[Date "2018.09.25"]
[Round "4"]
[White "Habada, Jindrich"]
[Black "Divis, Jan"]
[Result "1-0"]
[WhiteElo "1761"]
[BlackElo "1526"]
[PlyCount "69"]
[EventDate "2018.09.22"]

1. c4 c5 2. Nc3 Nc6 3. e4 e5 4. g3 d6 5. Bg2 Nf6 6. Nge2 Be7 7. d3 h6 8. O-O
O-O 9. f4 Bg4 10. h3 Bd7 11. Be3 Qc8 12. Kh2 Nd4 13. f5 Rd8 14. g4 Nxe2 15.
Qxe2 Nh7 16. Nd5 Bg5 17. Bxg5 hxg5 18. Ne7+ Kf8 19. Nxc8 Raxc8 20. a3 f6 21. b4
b6 22. Rfb1 Ke7 23. a4 Rb8 24. a5 g6 25. axb6 axb6 26. Ra7 Ke8 27. bxc5 bxc5
28. Rbb7 Ra8 29. Qa2 Rxa7 30. Qxa7 gxf5 31. exf5 Rc8 32. Rb8 Rxb8 33. Qxb8+ Ke7
34. Qc7 Ke8 35. Qxd6 1-0

[Event "Open Vysocina 2018"]
[Site "Trebic"]
[Date "2018.09.25"]
[Round "4"]
[White "Kovacs, Ivan"]
[Black "Rychtecky, Pavel"]
[Result "0-1"]
[WhiteElo "1537"]
[BlackElo "1537"]
[PlyCount "66"]
[EventDate "2018.09.22"]

1. d4 Nf6 2. e3 b6 3. Nf3 Bb7 4. Be2 d6 5. O-O g6 6. Nc3 Bg7 7. b3 O-O 8. a4
Nbd7 9. Bb2 c6 10. Na2 c5 11. dxc5 Nxc5 12. Bxf6 Bxf6 13. Rb1 Qc7 14. Bb5 Rac8
15. Nb4 e6 16. Nd4 a6 17. Be2 Ne4 18. Rb2 Nc3 19. Qd2 e5 20. Nf3 Nxe2+ 21. Qxe2
Qc3 22. Nd3 e4 23. Nd4 exd3 24. cxd3 Bxd4 25. exd4 Rfe8 26. Qd2 Qxd4 27. Rbb1
Rc3 28. Rfd1 Rec8 29. Qg5 Rxd3 30. Re1 Qd5 31. Qg4 f5 32. Qg5 Rd4 33. h3 Rg4
0-1

[Event "Open Vysocina 2018"]
[Site "Trebic"]
[Date "2018.09.25"]
[Round "4"]
[White "Glacner, Karel"]
[Black "Novak, Pavel"]
[Result "0-1"]
[WhiteElo "1482"]
[BlackElo "1479"]
[PlyCount "120"]
[EventDate "2018.09.22"]

1. e4 c5 2. a3 d6 3. b4 cxb4 4. axb4 Nf6 5. Nc3 g6 6. Bb2 Bg7 7. Nb5 a6 8. Bc4
Nc6 9. Bc3 Bg4 10. f3 axb5 11. Bxb5 Bd7 12. d4 O-O 13. Rb1 Qc7 14. Bxc6 Qxc6
15. Rb3 b5 16. Ne2 Ra4 17. O-O Rfa8 18. Qc1 d5 19. e5 Ne8 20. Bb2 Qc4 21. Qd2
Bf5 22. Bc3 Ra3 23. Rfb1 Rxb3 24. cxb3 Qc6 25. Rc1 Nc7 26. Bb2 Qb7 27. g4 Bd7
28. h4 f5 29. exf6 exf6 30. Qf4 Rc8 31. Qd6 Ne8 32. Rxc8 Bxc8 33. Qd8 Qd7 34.
Qb6 f5 35. g5 Bf8 36. Nf4 Bxb4 37. h5 Bd2 38. Nd3 Bxg5 39. hxg6 Bf6 40. Ne5
Bxe5 41. dxe5 hxg6 42. Qxg6+ Qg7 43. Qxg7+ Nxg7 44. f4 Nh5 45. Bc1 Ng3 46. b4
Ne2+ 47. Kf2 Nxc1 48. Ke3 Na2 49. Kd4 Nxb4 50. Kc3 Nc6 51. Kd3 Be6 52. Kc3 Kg7
53. Kd3 Kg6 54. Ke3 Kh5 55. Kf3 b4 56. Ke3 Kg4 57. Kd2 Kxf4 58. Kd3 Kxe5 59.
Ke3 f4+ 60. Kd2 b3 0-1

[Event "Open Vysocina 2018"]
[Site "Trebic"]
[Date "2018.09.26"]
[Round "5"]
[White "Vecera, Pavel"]
[Black "Chu, Ruotong"]
[Result "0-1"]
[WhiteElo "2153"]
[BlackElo "2199"]
[PlyCount "56"]
[EventDate "2018.09.22"]

1. e4 c5 2. Nf3 e6 3. d4 cxd4 4. Nxd4 Nc6 5. Nxc6 bxc6 6. Bd3 Nf6 7. O-O d5 8.
Nd2 Be7 9. Qe2 O-O 10. b3 Nd7 11. Bb2 Nc5 12. exd5 cxd5 13. Qg4 f6 14. Be2 e5
15. Qg3 Bf5 16. c4 d4 17. b4 Na4 18. Qb3 Nxb2 19. Qxb2 Rb8 20. b5 e4 21. Nb3 d3
22. Bd1 Bd6 23. Rc1 Bf4 24. Rb1 Qc7 25. g3 e3 26. gxf4 e2 27. Re1 Qxf4 28. Nd2
Bh3 0-1

[Event "Open Vysocina 2018"]
[Site "Trebic"]
[Date "2018.09.26"]
[Round "5"]
[White "Mezlik, Stanislav"]
[Black "Pribyl, Josef"]
[Result "1/2-1/2"]
[WhiteElo "1885"]
[BlackElo "2250"]
[PlyCount "59"]
[EventDate "2018.09.22"]

1. d4 d6 2. Nf3 Bg4 3. e4 Nf6 4. Bd3 Nc6 5. c3 e5 6. Be3 Be7 7. Nbd2 O-O 8. h3
Bd7 9. d5 Nb8 10. c4 c5 11. O-O Na6 12. Qe2 Ne8 13. Rae1 g6 14. Nh2 Bg5 15. f4
exf4 16. Bxf4 Bxf4 17. Rxf4 Qg5 18. Rf2 f6 19. Ndf3 Qh6 20. Qd2 Qxd2 21. Nxd2
Nac7 22. Be2 Ng7 23. Bg4 f5 24. exf5 gxf5 25. Bf3 Rae8 26. Rfe2 Rxe2 27. Rxe2
Re8 28. g4 Rxe2 29. Bxe2 Kf7 30. Kf2 1/2-1/2

[Event "Open Vysocina 2018"]
[Site "Trebic"]
[Date "2018.09.26"]
[Round "5"]
[White "Heppell, Ian N"]
[Black "Vincze, Roman"]
[Result "0-1"]
[WhiteElo "2031"]
[BlackElo "2097"]
[PlyCount "132"]
[EventDate "2018.09.22"]

1. e4 {[%emt 0:00:00]} e6 2. d4 d5 3. Nc3 Nf6 4. exd5 exd5 5. Bd3 Bg4 6. Nge2
c6 7. h3 Bh5 8. Bf4 Nbd7 9. Qd2 Bg6 10. O-O Be7 11. Rfe1 O-O 12. Ng3 Re8 13. a3
Bf8 14. Rxe8 Nxe8 15. Nf5 Nb6 16. b3 Qd7 17. Ng3 Nc7 18. Nce2 Ne6 19. Bxg6 hxg6
20. Be5 Qe7 21. Nf1 Nd7 22. Bh2 Re8 23. Ne3 Nf6 24. Qd3 Ng5 25. Ng3 Qd7 26. b4
a6 27. Rd1 Bd6 28. Ngf1 Bxh2+ 29. Nxh2 Nge4 30. Nhg4 Nxg4 31. hxg4 Qd6 32. f3
Ng5 33. Nf1 Qf4 34. Qd2 Qxd2 35. Rxd2 Re1 36. Kf2 Ra1 37. Rd3 Ne6 38. g3 Nc7
39. Ne3 Nb5 40. c4 Ra2+ 41. Ke1 Rxa3 42. Rxa3 Nxa3 43. cxd5 cxd5 44. Nxd5 Nc2+
45. Kd2 Nxd4 46. Ke3 Nc6 47. f4 Kf8 48. Kd3 Nb8 49. Kc4 Nd7 50. b5 axb5+ 51.
Kxb5 Ke8 52. f5 g5 53. Nc3 Ke7 54. Ne4 f6 55. Kb4 Ne5 56. Nc5 Nxg4 57. Nxb7 Ne3
58. Nc5 Nxf5 59. Ne4 Ke6 60. Kc4 Ke5 61. Kd3 g4 62. Nf2 Nxg3 63. Nxg4+ Kf4 64.
Nh2 f5 65. Kd2 g5 66. Ke1 Ke3 0-1

[Event "Open Vysocina 2018"]
[Site "Trebic"]
[Date "2018.09.26"]
[Round "5"]
[White "Tesar, Jan"]
[Black "Gokhale, Anupama"]
[Result "1/2-1/2"]
[WhiteElo "2033"]
[BlackElo "1964"]
[PlyCount "48"]
[EventDate "2018.09.22"]

1. d4 Nf6 2. c4 e6 3. Nc3 Bb4 4. a3 Bxc3+ 5. bxc3 c5 6. e3 b6 7. Bd3 Nc6 8. Ne2
O-O 9. O-O Ba6 10. Ng3 d6 11. Qe2 Rc8 12. d5 exd5 13. cxd5 Bxd3 14. Qxd3 Ne5
15. Qd1 b5 16. e4 a5 17. Nf5 Nxe4 18. f4 Ng6 19. Bb2 Qf6 20. Ne3 c4 21. Ng4 Qf5
22. Ne3 Qf6 23. Ng4 Qf5 24. Ne3 Qf6 1/2-1/2

[Event "Open Vysocina 2018"]
[Site "Trebic"]
[Date "2018.09.26"]
[Round "5"]
[White "Bradac, Roman"]
[Black "Skurniak, Szymon"]
[Result "1/2-1/2"]
[WhiteElo "1999"]
[BlackElo "1763"]
[PlyCount "60"]
[EventDate "2018.09.22"]

1. d4 Nf6 2. Nf3 g6 3. c4 Bg7 4. Nc3 d5 5. Bg5 Ne4 6. Bh4 Nxc3 7. bxc3 c5 8.
cxd5 cxd4 9. cxd4 Qxd5 10. e3 Nc6 11. Be2 Bf5 12. O-O O-O 13. Nd2 e5 14. Bf3 e4
15. Be2 Na5 16. Qb1 Rfc8 17. Rc1 Bf8 18. Rxc8 Rxc8 19. g4 Ba3 20. gxf5 Rc1+ 21.
Qxc1 Bxc1 22. Rxc1 Qxa2 23. Rc8+ Kg7 24. f6+ Kh6 25. Rc5 g5 26. Rxg5 Qxd2 27.
Bh5 Nc4 28. Bxf7 Qd1+ 29. Kg2 Qf3+ 30. Kg1 Qd1+ 1/2-1/2

[Event "Open Vysocina 2018"]
[Site "Trebic"]
[Date "2018.09.26"]
[Round "5"]
[White "Bartos, Jan"]
[Black "Bar-Or, Ornan"]
[Result "1-0"]
[WhiteElo "2216"]
[BlackElo "1931"]
[PlyCount "61"]
[EventDate "2018.09.22"]

1. d4 Nf6 2. c4 g6 3. Nc3 Bg7 4. e4 d6 5. f3 O-O 6. Be3 c5 7. d5 e6 8. Nge2
exd5 9. cxd5 a6 10. Ng3 b5 11. Qd2 Nbd7 12. Be2 Ne5 13. O-O h5 14. a4 b4 15.
Nd1 a5 16. b3 h4 17. Nh1 h3 18. g3 Re8 19. Rc1 Bd7 20. Nb2 Rc8 21. Nc4 Nxc4 22.
Bxc4 Nh5 23. g4 Bxg4 24. fxg4 Rxe4 25. Nf2 Rxe3 26. Qxe3 Bd4 27. Qf3 Qg5 28.
Kh1 Bxf2 29. Qxf2 Qxg4 30. Qxf7+ Kh8 31. Qf3 1-0

[Event "Open Vysocina 2018"]
[Site "Trebic"]
[Date "2018.09.26"]
[Round "5"]
[White "Zacharias, Miroslav"]
[Black "Zeleny, Tomas"]
[Result "1-0"]
[WhiteElo "1727"]
[BlackElo "1833"]
[PlyCount "79"]
[EventDate "2018.09.22"]

1. e4 {[%emt 0:00:00]} c5 2. d4 cxd4 3. c3 d3 4. Bxd3 Nc6 5. Nf3 d6 6. h3 Nf6
7. O-O e6 8. Qe2 Qc7 9. Bf4 Nd7 10. Rd1 Be7 11. Na3 a6 12. Rd2 Nce5 13. Rad1
O-O 14. Nc2 Rd8 15. Ne3 Nxf3+ 16. Qxf3 Ne5 17. Qg3 Ng6 18. Bg5 f6 19. Bf4 Nxf4
20. Qxf4 Bd7 21. Bc4 Kh8 22. Bb3 b5 23. Nc2 Qc5 24. Qe3 Qxe3 25. Nxe3 g6 26.
Nc2 Kg7 27. Nd4 Kf7 28. f4 Rac8 29. f5 gxf5 30. exf5 d5 31. fxe6+ Bxe6 32. Nxe6
Kxe6 33. Bxd5+ Kf5 34. Bf3 Kf4 35. Kf1 a5 36. Rd7 Re8 37. Bh5 Bc5 38. Bxe8 Rxe8
39. Rxh7 Kg3 40. Rd3+ 1-0

[Event "Open Vysocina 2018"]
[Site "Trebic"]
[Date "2018.09.26"]
[Round "5"]
[White "Lampir, Tomas"]
[Black "Aird, Ian"]
[Result "1-0"]
[WhiteElo "2052"]
[BlackElo "1857"]
[PlyCount "27"]
[EventDate "2018.09.22"]

1. e4 e5 2. Nf3 Nc6 3. Bc4 Bc5 4. b4 Bxb4 5. c3 Ba5 6. d4 b5 7. Bxb5 Nxd4 8.
Nxd4 exd4 9. O-O dxc3 10. Bc4 Ne7 11. Bxf7+ Kf8 12. Qf3 Nc6 13. e5 Bb7 14. Bd5+
1-0

[Event "Open Vysocina 2018"]
[Site "Trebic"]
[Date "2018.09.26"]
[Round "5"]
[White "Kalveus, Jan"]
[Black "Pacl, Vaclav"]
[Result "0-1"]
[WhiteElo "1854"]
[BlackElo "2033"]
[PlyCount "98"]
[EventDate "2018.09.22"]

1. d4 d5 2. Nf3 Nf6 3. c4 c6 4. Nc3 dxc4 5. a4 Bf5 6. e3 e6 7. Bxc4 Bb4 8. O-O
Bg6 9. Ne5 Nbd7 10. Nxd7 Qxd7 11. Qe2 O-O 12. Bd2 Qe7 13. Bd3 Rad8 14. Bxg6
hxg6 15. Rfd1 e5 16. dxe5 Qxe5 17. Be1 Bd6 18. g3 Rfe8 19. Rd3 Bc5 20. Rad1
Rxd3 21. Rxd3 g5 22. Nd1 Qf5 23. b4 Bb6 24. a5 Bc7 25. Nc3 Re6 26. f3 g4 27. e4
Qg6 28. Re3 gxf3 29. Qxf3 Be5 30. Ne2 Ng4 31. Rd3 Bf6 32. Nf4 Qxe4 33. Bf2 Nxf2
34. Kxf2 Qe1+ 35. Kg2 Re8 36. a6 Qxb4 37. axb7 Qxb7 38. Nh5 Ba1 39. Ra3 Bd4 40.
Rd3 Qb2+ 41. Kh3 c5 42. Qg4 Qf2 43. Rf3 Qe2 44. Qf4 Qe6+ 45. g4 g6 46. Ng3 a5
47. Qg5 Qe7 48. Qh6 Be3 49. Qh4 Bg5 0-1

[Event "Open Vysocina 2018"]
[Site "Trebic"]
[Date "2018.09.26"]
[Round "5"]
[White "Svizensky, Lubos"]
[Black "Oburka, Vladislav"]
[Result "1-0"]
[WhiteElo "1937"]
[BlackElo "1802"]
[PlyCount "83"]
[EventDate "2018.09.22"]

1. d4 {[%emt 0:00:00]} Nf6 2. c4 e6 3. Nf3 d5 4. Nc3 c6 5. Bg5 Be7 6. e3 Nbd7
7. Bd3 O-O 8. O-O h6 9. Bh4 Re8 10. h3 a6 11. Bg3 Nf8 12. c5 N6h7 13. b4 f5 14.
a4 Bd7 15. Ne5 Nf6 16. b5 Ne4 17. Nxe4 fxe4 18. Be2 Bf6 19. bxa6 bxa6 20. Rb1
Bxe5 21. Bxe5 Ng6 22. Bg3 Qg5 23. Rb6 a5 24. Bh5 Rf8 25. Qg4 Qxg4 26. Bxg4 Rf7
27. Rfb1 Kh7 28. Bd6 Nh4 29. Rb8 Ra7 30. R1b7 Rxb7 31. Rxb7 Be8 32. Rxf7 Bxf7
33. Bc7 h5 34. Be2 Ng6 35. Bxh5 Ne5 36. Bxf7 Nxf7 37. Bxa5 e5 38. Bb6 exd4 39.
exd4 Ng5 40. a5 Ne6 41. a6 Nxd4 42. a7 1-0

[Event "Open Vysocina 2018"]
[Site "Trebic"]
[Date "2018.09.26"]
[Round "5"]
[White "Spanton, Tim R"]
[Black "Grabarczyk, Sylwester"]
[Result "0-1"]
[WhiteElo "1923"]
[BlackElo "1782"]
[PlyCount "96"]
[EventDate "2018.09.22"]

1. e4 e5 2. Nf3 Nf6 3. Nxe5 d6 4. Nf3 Nxe4 5. Qe2 Qe7 6. d3 Nc5 7. Nc3 Bg4 8.
Nd5 Qxe2+ 9. Bxe2 Nba6 10. Bd2 O-O-O 11. O-O c6 12. Ne3 Bh5 13. Rfe1 Nc7 14. b4
N5e6 15. Nf5 h6 16. Be3 Kb8 17. a4 Nd5 18. b5 Nxe3 19. Nxe3 cxb5 20. axb5 Nf4
21. Nd4 Nxe2+ 22. Nxe2 g5 23. Nf5 d5 24. d4 Bg6 25. Neg3 h5 26. Ne3 Bb4 27.
Reb1 Bd2 28. Ngf5 Rhe8 29. Ra4 Rd7 30. Kf1 Bxe3 31. Nxe3 Rxe3 32. fxe3 Bxc2 33.
Rab4 Bxb1 34. Rxb1 Kc7 35. Ke2 Kb6 36. Kf3 Rc7 37. Rb2 Rc3 38. h3 Ra3 39. g4 h4
40. Rb1 Ra5 41. Rc1 Rxb5 42. Rc8 a5 43. Rf8 Rb1 44. Kg2 a4 45. Rxf7 a3 46. Rf6+
Kb5 47. Rf5 a2 48. Rxd5+ Kb4 0-1

[Event "Open Vysocina 2018"]
[Site "Trebic"]
[Date "2018.09.26"]
[Round "5"]
[White "Cieslak, Leszek"]
[Black "Smietanska, Wiktoria"]
[Result "1/2-1/2"]
[WhiteElo "1845"]
[BlackElo "1315"]
[PlyCount "177"]
[EventDate "2018.09.22"]

1. e4 d5 2. exd5 Qxd5 3. Nc3 Qd6 4. d4 Nf6 5. Nf3 c6 6. Be2 Bg4 7. Be3 e6 8.
O-O Nbd7 9. a3 Qc7 10. h3 Bxf3 11. Bxf3 Bd6 12. Qd2 O-O 13. Rad1 Rfd8 14. Rfe1
Rac8 15. Qe2 Nb6 16. Ne4 Nxe4 17. Bxe4 Nd5 18. Bc1 Nf6 19. Bd3 c5 20. dxc5 Bxc5
21. Qf3 a6 22. Bg5 Be7 23. Re2 Qc5 24. Bc1 Bd6 25. Qxb7 Rc6 26. Qb4 Qxb4 27.
axb4 g6 28. c3 Rdc8 29. b5 axb5 30. Bxb5 Rb6 31. c4 Bc5 32. Be3 Bxe3 33. Rxe3
Rbb8 34. b3 Rd8 35. Red3 Rdc8 36. Ba4 Kg7 37. Rc3 Ne4 38. Re3 Nc5 39. Bb5 Rd8
40. Rxd8 Rxd8 41. b4 Nd3 42. c5 Nxb4 43. Rc3 Rc8 44. Be2 Rc6 45. Bb5 Rc7 46.
Kf1 Kf6 47. Rc4 Nd3 48. c6 Ne5 49. Rd4 Ke7 50. Ke2 Nxc6 51. Bxc6 Rxc6 52. Ke3
h5 53. g4 hxg4 54. hxg4 Rd6 55. Ra4 Rd5 56. f3 g5 57. Ke4 Kf6 58. Rb4 Rd1 59.
Rb5 Re1+ 60. Kd4 Kg6 61. Kd3 f5 62. Kd2 Ra1 63. Ke3 fxg4 64. fxg4 Ra3+ 65. Ke4
Ra4+ 66. Kf3 Rf4+ 67. Kg3 Kf6 68. Ra5 Rd4 69. Rb5 Rd3+ 70. Kg2 Rd5 71. Rb8 Ke5
72. Re8 Rd3 73. Kf2 Kf4 74. Rxe6 Kxg4 75. Kg2 Rd2+ 76. Kg1 Kg3 77. Re3+ Kf4 78.
Ra3 g4 79. Ra4+ Kg3 80. Ra3+ Kh4 81. Rb3 Rd1+ 82. Kg2 Rd2+ 83. Kg1 g3 84. Rb4+
Kh3 85. Rb1 Rg2+ 86. Kh1 Re2 87. Kg1 Rc2 88. Ra1 Rg2+ 89. Kh1 1/2-1/2

[Event "Open Vysocina 2018"]
[Site "Trebic"]
[Date "2018.09.26"]
[Round "5"]
[White "Stork, Rostislav"]
[Black "Habada, Jindrich"]
[Result "0-1"]
[WhiteElo "1779"]
[BlackElo "1761"]
[PlyCount "48"]
[EventDate "2018.09.22"]

1. e4 c5 2. Nf3 Nc6 3. d4 cxd4 4. Nxd4 g6 5. Be3 Bg7 6. Nc3 Nf6 7. f3 O-O 8.
Bc4 Qb6 9. Bb3 Nxe4 10. Nf5 Nxc3 11. Qd3 Qa5 12. Nxg7 Ne4+ 13. c3 Nc5 14. Qc4
Nxb3 15. Qxb3 Qe5 16. Kf2 Qxg7 17. h4 h5 18. g4 hxg4 19. fxg4 d6 20. Rag1 Ne5
21. Qa4 Bd7 22. Qd1 Bc6 23. Rh3 Qf6+ 24. Kg3 Qf3+ 0-1

[Event "Open Vysocina 2018"]
[Site "Trebic"]
[Date "2018.09.26"]
[Round "5"]
[White "Novak, Pavel"]
[Black "Endler, Boris"]
[Result "1-0"]
[WhiteElo "1479"]
[BlackElo "1778"]
[PlyCount "29"]
[EventDate "2018.09.22"]

1. e4 c5 2. Nf3 Nc6 3. d4 cxd4 4. Nxd4 Nf6 5. Nc3 e5 6. Nxc6 bxc6 7. Bg5 Be7 8.
Qd2 Rb8 9. Rb1 O-O 10. Bxf6 Bxf6 11. Qd6 Qb6 12. Bd3 Re8 13. O-O Re6 14. Qa3 d6
15. Bc4 1-0

[Event "Open Vysocina 2018"]
[Site "Trebic"]
[Date "2018.09.26"]
[Round "5"]
[White "Benda, Vladimir"]
[Black "Svoboda, Frantisek"]
[Result "1-0"]
[WhiteElo "1493"]
[BlackElo "1760"]
[PlyCount "55"]
[EventDate "2018.09.22"]

1. e4 Nc6 2. d4 d5 3. e5 Bf5 4. Nf3 e6 5. Bd3 Bg6 6. O-O Be7 7. Be3 Nh6 8. Bxh6
gxh6 9. Qd2 Bxd3 10. cxd3 Bg5 11. Qc2 Rg8 12. Nbd2 Qe7 13. a3 Rg6 14. b4 O-O-O
15. b5 Nb8 16. a4 a5 17. bxa6 Nxa6 18. Rfb1 Rdg8 19. g3 c6 20. Rb6 Kb8 21. Qxc6
Rc8 22. Qb5 Ka7 23. Rb1 Rc7 24. Nb3 Rg8 25. Na5 Rgc8 26. Kg2 Qd7 27. Qb3 Rc3
28. Rxb7+ 1-0

[Event "Open Vysocina 2018"]
[Site "Trebic"]
[Date "2018.09.26"]
[Round "5"]
[White "Hrivnakova, Anna"]
[Black "Kovacs, Ivan"]
[Result "1-0"]
[WhiteElo "1538"]
[BlackElo "1537"]
[PlyCount "53"]
[EventDate "2018.09.22"]

1. Nf3 e6 2. d4 d5 3. c4 dxc4 4. Qa4+ Nc6 5. Qxc4 Qd5 6. Qxd5 exd5 7. Nc3 Be6
8. a3 a6 9. Bf4 Rc8 10. e3 Nf6 11. Be2 g6 12. O-O Bg7 13. Na4 Nd7 14. Ng5 O-O
15. Rac1 Nf6 16. Nxe6 fxe6 17. Nc5 Nh5 18. Bxh5 gxh5 19. Nxe6 Rf6 20. Nxc7 Nxd4
21. exd4 Rxf4 22. Ne6 Rxc1 23. Rxc1 Re4 24. Rc8+ Kf7 25. Ng5+ Kg6 26. Nxe4 Bxd4
27. Nc3 1-0